000
00304nam a22001337a 4500
008
170213b xxu||||| |||| 00| 0 eng d
020
_a
9780838515914
041
_a
eng
080
_2
3ED
_a
61
100
_a
4
101
_a
SHM
245
_a
CURRENT MEDICAL DIAGNOSIS TREATMENT
_c
TIERNEY
942
_2
udc
_c
BK
999
_c
5218
_d
5218